ბათუმის შოთა რუსთაველის სახელმწიფო უნივერსიტეტის ბიბლიოთეკა

წმინდა წიგნი ყურანი და მისი შინაარსობრივი თარგმანი / (ბიბ.ჩანაწერი № 50340)

000 -ლიდერი
ფიქსირებული სიგრძის საკონტროლო ველი 01008nam a2200229Ia 4500
001 - საკონტროლო ნომერი
საკონტროლო ველი 17281
003 - საკონტროლო ნომრის იდენტიფიკატორი
საკონტროლო ველი GE_BSU
005 - ბოლო ოპერაციის თარიღი და დრო
საკონტროლო ველი 20200210165924.0
008 - ფიქსირებული სიგრძის მონაცემთა ელემენტები - ზოგადი ინფორმაცია
ფიქსირებული სიგრძის საკონტროლო ველი 181216s2012ge xx |||||||||||||| ||geo||
020 ## - წიგნის საერთაშორისო სტანდარტული ნომერი
International Standard Book Number 9789941042812
040 ## - კატალოგიზაციის წყარო
Transcribing agency GE_BSU
041 ## - ენის კოდი
Language code of text/sound track or separate title geo
080 ## - უნივერსალური ათობითი კლასიფიკაციის ინდექსი
Universal Decimal Classification number 28-24 წ-71
245 ## - ცნობა სათაურის შესახებ
Title წმინდა წიგნი ყურანი და მისი შინაარსობრივი თარგმანი /
Statement of responsibility, etc მთარგმნ. რეზო მიქელაძე ; რედ. დონარი ტუნაძე.
264 ## - წარმოების, გამოცემის, დისტრიბუციის და სხვა ცნობები
გამოცემის, წარმოების, დისტრიბუციის... ადგილი სტამბოლი.
გამოცემის, წარმოების, დისტრიბუციის... სახელწოდება ჰაირათი,
გამოცემის, წარმოების, დისტრიბუციის... თარიღი 2013.
300 ## - ფიზიკური აღწერა
Extent 615 გვ .:
Dimensions 24 სმ.
520 ## - SUMMARY, ETC.
Summary, etc სპონსორი ჯგუფი:მუსლიმგეორგია.
653 ## - INDEX TERM--UNCONTROLLED
Uncontrolled term ყურანი
700 ## - ADDED ENTRY--PERSONAL NAME
Personal name მიქელაძე, რეზო
Relator term მთარგმნელი
9 (RLIN) 6962
700 ## - ADDED ENTRY--PERSONAL NAME
Personal name ტუნაძე, დონარი
Relator term რედაქტორი
9 (RLIN) 6963
942 ## - ADDED ENTRY ELEMENTS (KOHA)
Koha item type წიგნი
Source of classification or shelving scheme
ეგზემპლარები
ჩამოწერის სტატუსი დაკარგული ეგზემპლარის სტატუსი კლასიფიკაციის წყარო ან თაროზე გაწყობის სქემა დაზიანების სტატუსი არ გაიცემა მუდმივი მდებარეობა (დაცვის ადგილი) ამჟამინდელი ადგილსამყოფელი თაროზე განთავსების ადგილი შეძენის თარიღი სრული შენახვის შიფრი შტრიხკოდი ბოლო ოპერაციის თარიღი ეგზემპლარის მიმდევრობითი ნომერი (კეტერი?) ფასის ძალაში შესვლის თარიღი ეგზემპლარის სახეობა ღირებულება, შესყიდვის ნორმალური ფასი საჯარო შენიშვნა
          ბათუმის შოთა რუსთაველის სახელმწიფო უნივერსიტეტის მთავარი ბიბლიოთეკა ბათუმის შოთა რუსთაველის სახელმწიფო უნივერსიტეტის მთავარი ბიბლიოთეკა წიგნსაცავი 2018-12-17 28-24 წ-71 45372 2018-12-17 45372 2018-12-17 წიგნი    
          ბათუმის შოთა რუსთაველის სახელმწიფო უნივერსიტეტის მთავარი ბიბლიოთეკა ბათუმის შოთა რუსთაველის სახელმწიფო უნივერსიტეტის მთავარი ბიბლიოთეკა წიგნსაცავი 2023-03-27 28-24 წ-71 64112 2023-03-27 64112 2023-03-27 წიგნი 6.00 6.00